Nova Scotia Cities Map Quiz - Statistics

General Stats
  • This quiz has been taken 960 times
  • The average score is 7 of 10
Answers on the Map
Answers color-coded by a green-red scale on the quiz's map according to % correct below.
 
Answer Stats
Answer % Correct
Halifax
92%
Sydney
77%
Yarmouth
71%
Truro
70%
New Glasgow
62%
Wolfville
61%
Inverness
58%
Antigonish
57%
Bridgewater
57%
Port Hawkesbury
57%
No matching quizzes found
Score Distribution
Percent of People with Each Score
Percentile by Number Answered
Your Score History
You have not taken this quiz